Word Ladder: Cate Blanchett Quiz Stats

 Plays Quiz Updated Jul 11, 2018

Challenge
Share
Tweet
Embed
Score 0/38 Timer 04:00
1 Play Today
Clue 4-Letter Rung % Correct
•2003: The ____ of the Rings: The Return of the [Last Rung]•• LORD •
99.1%
•2010: Robin ____• HOOD •
97.1%
Actor Pitt or Dourif, e.g.BRAD
97.1%
•2008: The Curious ____ of Benjamin Button•• CASE •
95.4%
Keep in handHOLD
95.4%
5,280 feetMILE
95.1%
Group of actors in a filmCAST
94.6%
British elevatorLIFT
94.4%
Pole on a shipMAST
94.2%
Part of a necklaceBEAD
94.1%
CargoLOAD
93.9%
Light fogMIST
93.9%
Comprehend writingREAD
93.9%
Ice cream holderCONE
93.7%
SoloLONE
91.8%
ShapeMOLD
91.5%
Opposite of shortLONG
91.3%
•2004: The ____ Aquatic with Steve Zissou•• LIFE •
90.7%
FolderFILE
90.6%
Clue 4-Letter Rung % Correct
•1997: Paradise ____• ROAD •
90.4%
Not strongMILD
90.3%
PoliceCOPS
90.2%
•2006: The ____ German•• GOOD •
89.8%
Corner of a sporting diamondBASE
89.7%
Tall string instrumentBASS
89.3%
Degree holderGRAD
89%
Deal withCOPE
88.4%
Provoke to actionGOAD
87.3%
Donkey's cryBRAY
87.2%
FluteFIFE
85.6%
•2001: Charlotte ____• GRAY •
83.7%
•2003: The [First Rung] of the Rings: The Return of the ____• KING •
80.2%
A type of codLING
78.1%
SwearCUSS
78%
Give a kiss toBUSS
75%
•2015: Knight of ____• CUPS •
74.2%
•2000: The ____• GIFT •
62.4%
EssenceGIST
62%

Today's Daily Dose

Word Ladder
King of the...

Quick Pick
The Doors Songs

On This Day
August 17th II

You're not logged in!

Compare scores with friends on all Sporcle quizzes.
Join for Free
OR
Log In

You Might Also Like...

Show Comments

Extras

Top Quizzes Today


Score Distribution

Your Account Isn't Verified!

In order to create a playlist on Sporcle, you need to verify the email address you used during registration. Go to your Sporcle Settings to finish the process.

Report this User

Report this user for behavior that violates our Community Guidelines.

Details: